<?xml version="1.0" encoding="UTF-8"?>
<record
    xmlns:xsi="http://www.w3.org/2001/XMLSchema-instance"
    xsi:schemaLocation="http://www.loc.gov/MARC21/slim http://www.loc.gov/standards/marcxml/schema/MARC21slim.xsd"
    xmlns="http://www.loc.gov/MARC21/slim">

  <leader>01445nam a22001577a 4500</leader>
  <datafield tag="999" ind1=" " ind2=" ">
    <subfield code="c">516657</subfield>
    <subfield code="d">516657</subfield>
  </datafield>
  <controlfield tag="008">210310b           ||||| |||| 00| 0 eng d</controlfield>
  <datafield tag="100" ind1=" " ind2=" ">
    <subfield code="a">Sinha, Anjani Kumar</subfield>
    <subfield code="9">25876</subfield>
  </datafield>
  <datafield tag="245" ind1=" " ind2=" ">
    <subfield code="a">State interventions for women empowerment in Bihar: An assessment</subfield>
  </datafield>
  <datafield tag="260" ind1=" " ind2=" ">
    <subfield code="a">Bihar Journal of Public Administration  </subfield>
  </datafield>
  <datafield tag="300" ind1=" " ind2=" ">
    <subfield code="a">17(1), Jan-June, 2020: p.154-160</subfield>
  </datafield>
  <datafield tag="520" ind1=" " ind2=" ">
    <subfield code="a">Women empowerment, in short, is that capability of the women by which they take decision by themselves and play roles in socio-economic and political domains. But it requires state interventions for empowering them in the shape of financial support, providing infrastructure, morale boosting, opportunities for adequate active participation in social domain and political institutions. All these enable them to think, to understand, to participate, to hold and represent for the development of themselves. A variety of schemes covering socio-economic and political spheres have been provided by state in Bihar. These schemes have shown promise but there is need of making them self assertive to get the benefits of state interventions and enjoy the fruits of the schemes. The PRIs are the most potential instrument to empower them in real sense. We can hope for the best. &#x2013; Reproduced </subfield>
  </datafield>
  <datafield tag="650" ind1=" " ind2=" ">
    <subfield code="a">SHGs, Schemes for girls, PRIs, Jeevika, Prohibition, Bihar</subfield>
    <subfield code="9">23212</subfield>
  </datafield>
  <datafield tag="773" ind1=" " ind2=" ">
    <subfield code="a">Bihar Journal of Public Administration  </subfield>
  </datafield>
  <datafield tag="906" ind1=" " ind2=" ">
    <subfield code="a">WOMEN EMPOWERMENT - BIHAR</subfield>
  </datafield>
  <datafield tag="942" ind1=" " ind2=" ">
    <subfield code="c">AR</subfield>
  </datafield>
  <datafield tag="952" ind1=" " ind2=" ">
    <subfield code="0">0</subfield>
    <subfield code="1">0</subfield>
    <subfield code="2">ddc</subfield>
    <subfield code="4">0</subfield>
    <subfield code="7">0</subfield>
    <subfield code="9">390704</subfield>
    <subfield code="a">IIPA</subfield>
    <subfield code="b">IIPA</subfield>
    <subfield code="d">2021-03-10</subfield>
    <subfield code="h">17(1), Jan-June, 2020: p.154-160</subfield>
    <subfield code="p">AR124494</subfield>
    <subfield code="r">2021-03-10</subfield>
    <subfield code="y">AR</subfield>
  </datafield>
</record>
